000 00703nam a2200181Ia 4500
008 090124s9999 xx 000 0 und d
082 _b26887
_a6909
100 _aकाळे व.पु. (वसंत पुरुषोत्तम)
245 _a तू भ्र्रमत आहासी वाया
250 _a1
260 _c1992
300 _a93
600 _aकाळे व.पु. (वसंत पुरुषोत्तम)
630 _a तू भ्र्रमत आहासी वाया
700 _aकाळे व.पु. (वसंत पुरुषोत्तम)
730 _a तू भ्र्रमत आहासी वाया
942 _cBOOK
999 _c140360
_d140360